Centros arqueológicos de la Diputación / por el Dr. Eduardo Ripoll Perelló, Director del Museo Arqueológico
Publicado:
San Jorge, núm. 92 (4rt trimestre 1973), pàg 11 - 20 :
MARC
| LEADER | 00000nam a2200000Ia 4500 | ||
|---|---|---|---|
| 001 | |||
| 008 | 160829s9999 xx 000 0 cat d | ||
| 100 | 1 | |a Ripoll i Perelló, Eduard, |d 1923-2006 |9 20913 | |
| 245 | |a Centros arqueológicos de la Diputación / por el Dr. Eduardo Ripoll Perelló, Director del Museo Arqueológico | ||
| 260 | |a San Jorge, núm. 92 (4rt trimestre 1973), pàg 11 - 20 | ||
| 610 | 2 | 0 | |a Museu Arqueològic de Barcelona |9 54643 |
| 610 | 1 | 0 | |a Barcelona (Catalunya : Província). |b Servicio de Investigaciones Arqueológicas |9 54957 |
| 650 | |a Institut de Prehistòria i Arqueologia (Barcelona) |x Col·leccionistes i col·leccions |9 41740 | ||
| 651 | 0 | |a Barcelona (Catalunya : Província) |x Arqueologia |9 56115 | |
| 901 | |a Arxiu | ||
| 942 | |n 1 | ||
| 952 | |0 0 |1 0 |4 0 |7 1 |9 50420 |a Arxiu |b Arxiu |d 2016-12-01 |l 0 |r 2016-12-01 00:00:00 |w 2016-12-01 |y ARXIU | ||
| 999 | |c 54262 |d 54262 | ||